You Could Start a Cult- Niall Horan ft. Lizzy McAlpine (All Lyrics) - Statistics

General Stats
  • This quiz has been taken 32 times
  • The average score is 125 of 159
Answer Stats
Hint Lyrics % Correct
a
100%
could
100%
start
100%
you
100%
cult
95%
I
95%
I'll
95%
to
95%
Outro: | Verse 2: baby
89%
be
89%
follow
89%
Chorus: oh
89%
see
89%
there's
89%
who
89%
am
84%
and
84%
it
84%
no
84%
so
84%
til
84%
tomorrow
84%
all
79%
are
79%
go
79%
me
79%
more
79%
much
79%
than
79%
beautiful
74%
can
74%
Verse 1: darlin'
74%
everything
74%
give
74%
have
74%
up
74%
of
68%
when
68%
your
68%
anywhere
63%
do
63%
in
63%
what
63%
will
63%
by
58%
happily
58%
know
58%
that
58%
is
53%
let
53%
reality
53%
swear
53%
wanna
53%
but
47%
crazy
47%
side
47%
they
47%
two
47%
eyes
42%
it's
42%
look
42%
mountain
42%
move
42%
say
42%
sea
42%
wake
42%
we're
42%
wouldn't
42%
Verse 3: lately
37%
or
37%
true
37%
part
32%
mmm
21%
No matching quizzes found
Score Distribution
Percent of People with Each Score
Percentile by Number Answered
Your Score History
You have not taken this quiz